Przebieg Euro 2024 - Statystyki

Ogólne statystyki
  • Ten quiz został rozwiązany 824 razy
  • Średni wynik to 29 z 55
Statystyki odpowiedzi
Hint Odpowiedź # % Poprawnych
Grupa A Niemcy 7
91%
Grupa A Szkocja 1
75%
Grupa D Austria 6
74%
Grupa D Holandia 4
74%
Grupa D Polska 1
74%
Grupa A Szwajcaria 5
74%
Grupa A Węgry 3
74%
Grupa D Francja 5
73%
Grupa B Hiszpania 9
73%
Grupa B Włochy 4
68%
Grupa C Anglia 5
67%
Grupa B Chorwacja 2
67%
Grupa F Portugalia 6
65%
Grupa B Albania 1
64%
Grupa E Belgia 4
61%
Grupa F Gruzja 4
61%
Grupa F Turcja 6
61%
Grupa C Dania 3
60%
Grupa C Słowenia 3
59%
Grupa E Ukraina 4
59%
Grupa E Słowacja 4
58%
Grupa F Czechy 1
57%
Grupa E Rumunia 4
57%
1/8 Hiszpania 4
55%
Grupa C Serbia 2
55%
Finał Hiszpania 2
54%
Zwycięzca Hiszpania
54%
Finał Anglia 1
53%
1/8 Niemcy 2
53%
Półfinał Hiszpania 2
52%
Półfinał Anglia 2
50%
Półfinał Francja 1
49%
1/8 Gruzja 1
48%
Ćwierćfinał Hiszpania 2
48%
1/8 Francja 1
47%
Ćwierćfinał Anglia 1 (5)
46%
Ćwierćfinał Francja 0 (5)
45%
Ćwierćfinał Niemcy 1
45%
1/8 Portugalia 0 (3)
45%
1/8 Anglia 2
42%
Półfinał Holandia 1
42%
1/8 Dania 0
41%
1/8 Holandia 3
40%
Ćwierćfinał Portugalia 0 (3)
40%
1/8 Słowenia 0 (0)
40%
1/8 Belgia 0
39%
1/8 Austria 1
38%
Ćwierćfinał Holandia 2
38%
1/8 Rumunia 0
35%
1/8 Szwajcaria 2
35%
Ćwierćfinał Szwajcaria 1 (3)
35%
1/8 Turcja 2
35%
1/8 Słowacja 1
34%
1/8 Włochy 0
34%
Ćwierćfinał Turcja 1
33%
Nie znaleziono quizów pasujących do podanych kryteriów
Rozkład punktacji
Procent ludzi z każdym wynikiem
Percentyl według liczby udzielonych odpowiedzi
Twoja historia wyników
Nie rozwiązałeś tego quizu